000 01351nam a2200337 a 4500
001 000006880
003 DO-SdBNP
005 20160415145100.0
007 000006880
008 090903s2002 dr 000 0 spa d
040 _aBPMSU
_bspa
_cBPMSU
092 _a461.07
_bE652l
100 1 _aEspinal, Olga
245 1 0 _aLengua española /
_b Olga Espinal, Remigio García R.
260 _aSanto Domingo :
_b Secretaría de Estado de Educación
_c2002
300 _a231 p. ;
_bil., retrs.
_c29 cm.
490 _aLa educación al servicio de la gente
505 2 _aLa comunicación humana -- El párrafo -- El resumen -- El lenguaje figurado -- El estilo -- La descripción -- La narración -- La exposición -- La titulación -- La oratoria -- Lecturas adicionales
650 4 _aESPAÑOL
_xENSEÑANZA
650 4 _aESPAÑOL
_xGRAMÁTICA
_xENSEÑANZA BÁSICA
650 4 _aESPAÑOL
_xEJERCICIOS DE REDACCIÓN
650 4 _aESPAÑOL
_xESTILO
_xRETÓRICA
700 1 _aGarcía R. Olga
710 _4República Dominicana. Secretaría de Estado de Educación
830 _pLa educación al servicio de la gente
930 1 _lBND01
_mLF1
_820090903
_f01
_pCT
_g2906
930 1 _lBND01
_mLF1
_820110217
_f01
_pCT
_g16416
_he. 2
942 _2ddc
_cBK
956 _aBTAVAREZ
_b10
_c20090904
_lBND01
_h1000
956 _aVMATEO
_b10
_c20150914
_lBPMSU
_h00151
999 _c9800
_d9800